Zróżnicowanie przestrzeni kulturowej Polski
| Titel: | Zróżnicowanie przestrzeni kulturowej Polski |
|---|---|
| Verfasser: | |
| In: |
Przegla̜d geograficzny, Band 63, Heft 1-2 (1991), Seite 3-28 alle Artikel anzeigen |
| Veröffentlicht: | 1991 |
| Format: | Aufsatz |
| Sprache: | Polnisch |
X
alg: 39465928 001A $01999:12-11-16 001B $01999:01-06-17 $t17:58:43.000 001C $06050:19-11-16 $t08:53:25.000 001D $01999:12-11-16 001U $0utf8 001X $00 002@ $0Aox 003@ $0394659287 007A $0394659287 $aHEB 007T $0Herdww015706 010@ $apol 011@ $a1991 021A $aZróżnicowanie przestrzeni kulturowej Polski 027A $aThe @diversification of the cultural space of Poland 028A $aParysek $dJerzy J. 031A $d63 $e1-2 $h3-28 $j1991 039B $aIn $8--Abvc--. Przegla̜d geograficzny. - Warszawa : Państwowe Wydawn. Naukowe, 1918-. - ISSN 0033-2143 $x199100000630001997 $9047308648 045T $a14 046B $aParallelt.: The @diversification of the cultural space of Poland lok: 39465928 78 exp: 39465928 78 1 #EPN 201B/01 $005-06-18 $t22:55:34.000 201U/01 $0utf8 203@/01 $0790769778 208@/01 $a12-11-16 $be 209A/01 $a/ $f000 $x00 220C/01 $aTitelaufnehmer: GP 220C/01 $aHerkunft: IH UWr 244Z/01 $2Trx $#Poola $#Lenkija $#Polija $#Polen Land $#Poland $#Lengyelország $#Poľsko $#Polsko $8--Trx--Polska$gkraj $x01 $9391345966 244Z/01 $2Trx $#Silesia $#Śląsk $#Sliezsko $#Slezsko $8--Trx--Schlesien $x02 $9391173987 244Z/01 $#Kattowitz 1922- $71028347-X $8--Tg1--Katowice $x03 $9042044391 244Z/01 $#Breslau $#Wrocław $#Wrotizla $#Breßlau $#Breßlaw $#Vroclav $#Vratislav $#Vratislavia $#Vratislauiae $#Bresslau $#Wratislavia $#Brassel $#Bresla $#Wratislava $#Smirna $#Breslavia $#Wroclaw $74008216-7 $8--Tg1--Breslau $x04 $9085014184 244Z/01 $#Hirschberg im Riesengebirge $#Hirschberg $#Hirschberg in Schlesien $#Jelení Hora $#Hiršberk $#Hornšperk $#Herschbrig $#Herschbrich $715523-8 $8--Tg1--Jelenia Góra $x05 $9040264858 244Z/01 $#Oppeln $71008442-3 $8--Tg1--Opole $x06 $9041913132 244Z/01 $7120046-X $8--Tg1--Wałbrzych $x07 $9040704556 244Z/01 $#Zele͏̈na Gura $#Grünberg i. Schlesien $7500469-X $8--Tg1--Zielona Góra $x08 $904142252X 244Z/01 $aGeschichte 1980-1990 $x09 244Z/01 $2Trx $#kultuur üldine $#kultūra bendras $#culture $#kultúra általános $#kultura ogólnie $#kultúra všeobecne $#kultura všeobecná $8--Trx--Kultur$gallgemein $x10 $9391375490 244Z/01 $2Trx $8--Trx--Zeitschriftenaufsatz $x11 $9391384341 247C/01 $82080>Marburg/Lahn, Herder-Institut, Forschungsbibliothek, Bibliographieportal $9336309341
| LEADER | 00000caa a22000002c 4500 | ||
|---|---|---|---|
| 001 | 394659287 | ||
| 003 | DE-603 | ||
| 005 | 20170601175843.0 | ||
| 007 | tu | ||
| 008 | 161112s1991 xx |||| | u00||u|pol c | ||
| 035 | |a (DE-599)HEB394659287 | ||
| 040 | |a DE-603 |b ger |c DE-603 |d DE-603 | ||
| 041 | |a pol | ||
| 084 | |a 14 |2 ssgn | ||
| 100 | 1 | |a Parysek, Jerzy J. | |
| 245 | 0 | 0 | |a Zróżnicowanie przestrzeni kulturowej Polski |
| 246 | 0 | 1 | |i Parallelt. |a The @diversification of the cultural space of Poland |
| 246 | 1 | 3 | |a The diversification of the cultural space of Poland |
| 264 | 0 | |c 1991 | |
| 773 | 0 | 8 | |i In |t Przegla̜d geograficzny |d Warszawa : Państwowe Wydawn. Naukowe, 1918- |x 0033-2143 |g Band 63, Heft 1-2 (1991), Seite 3-28 |w (DE-603)047308648 |w (DE-600)209415-0 |
| 924 | 0 | |9 2080 |a (DE-603)790769778 |b DE-2080 |c HES |d d |g / | |


